| 000 | 00598nam a2200121Ia 4500 | ||
|---|---|---|---|
| 008 | 171212s9999 xx 000 0 und d | ||
| 020 | _a9780833085788 | ||
| 100 | _aMoore, Melinda;Anthony, C. Ross;Lim, Yee-Wei;Jones, Spencer S.;Overton, Adrian | ||
| 245 |
_cMoore, Melinda;Anthony, C. Ross;Lim, Yee-Wei;Jones, Spencer S.;Overton, Adrian _aThe Future of Health Care in the Kurdistan Region—Iraq _bToward an Effective, High-Quality System with an Emphasis on Primary Care |
||
| 260 |
_bRAND Corporation _c2014 |
||
| 650 | _aHealth Sciences | ||
| 856 | _uhttp://www.jstor.org/stable/10.7249/j.ctt6wq8bz | ||
| 999 |
_c352661 _d352661 |
||